[Event "XXXIII Festival Conca della Presolana A"]
[Site "Bratto - Castione della Presolana ITA"]
[Date "2013.08.19"]
[Round "2"]
[White "Cristiani, Gianfranco"]
[Black "Vlug, Andre"]
[WhiteElo "1790"]
[BlackElo "1847"]
[Result "1-0"]
[PlyCount "41"]
[EventDate "2013.08.18"]

1. b3 e5 2. Bb2 Nc6 3. g3 d6 4. Bg2 Bd7 5. c4 g6 6. Nc3 Bg7 7. Nf3 Nge7 8. O-O
Nf5 9. e3 h5 10. h3 Nce7 11. e4 Nh6 12. Qc2 Qc8 13. Nd5 c6 14. Nxe7 Kxe7 15. d4
f6 16. dxe5 fxe5 17. c5 Bxh3 18. cxd6+ Kxd6 19. Rad1+ Ke7 20. Qc5+ Kf7 21. Ng5+
1-0

[Event "XXXIII Festival Conca della Presolana A"]
[Site "Bratto - Castione della Presolana ITA"]
[Date "2013.08.19"]
[Round "2"]
[White "Delledonne, Francesco"]
[Black "Giancotti, Eraldo"]
[WhiteElo "1916"]
[BlackElo "2047"]
[Result "1-0"]
[PlyCount "89"]
[EventDate "2013.08.18"]

1. e4 d5 2. exd5 Qxd5 3. Nc3 Qd6 4. d4 g6 5. Be3 Bg7 6. Qd2 Nf6 7. Nf3 O-O 8.
Bh6 Bf5 9. Bxg7 Kxg7 10. Bc4 Nc6 11. O-O-O a6 12. h3 b5 13. Bb3 Na5 14. g4
Nxb3+ 15. axb3 b4 16. gxf5 bxc3 17. Qxc3 Qf4+ 18. Qe3 Qxf5 19. Ne5 Nd5 20. Qf3
Qxf3 21. Nxf3 a5 22. Ne5 Rfd8 23. c3 f6 24. Nd3 Kf7 25. Kc2 g5 26. Rhe1 Ra6 27.
Ra1 Rda8 28. Ra3 Re6 29. Rxe6 Kxe6 30. c4 Nf4 31. Nxf4+ gxf4 32. Kd3 Kf5 33. b4
e5 34. f3 Rd8 35. bxa5 Rxd4+ 36. Kc3 Rd8 37. a6 e4 38. Ra5+ Ke6 39. fxe4 Ra8
40. b4 f3 41. Kd3 Kd6 42. Ke3 Kc6 43. a7 Kb6 44. c5+ Kc6 45. Kxf3 1-0

[Event "XXXIII Festival Conca della Presolana A"]
[Site "Bratto - Castione della Presolana ITA"]
[Date "2013.08.19"]
[Round "2"]
[White "Di Donato, Giovanni"]
[Black "Guerini, Silvia jr"]
[WhiteElo "1919"]
[BlackElo "1773"]
[Result "1-0"]
[PlyCount "93"]
[EventDate "2013.08.18"]

1. e4 c6 2. d4 d5 3. e5 Bf5 4. Nf3 e6 5. Bd3 Bxd3 6. Qxd3 a6 7. O-O c5 8. c3
Nc6 9. a3 c4 10. Qe2 Nge7 11. Ng5 h6 12. Nh3 Qd7 13. Nd2 Ng6 14. f4 O-O-O 15.
b3 cxb3 16. Nxb3 f6 17. Qh5 Qf7 18. exf6 gxf6 19. f5 exf5 20. Qxf5+ Rd7 21.
Qxf6 Qh7 22. Qf5 Qg7 23. Nf4 Nxf4 24. Bxf4 Be7 25. Qh3 Kd8 26. Bg3 Rg8 27. Bh4
Rd6 28. Nc5 Bxh4 29. Qxh4+ Kc7 30. Ra2 Rg6 31. Qh3 Nxd4 32. Raf2 Nf5 33. Rb2
Kc6 34. Ne6 Rxe6 35. Qxf5 Rg6 36. Qf3 h5 37. Rfb1 b5 38. a4 Rb8 39. axb5+ Rxb5
40. Rxb5 axb5 41. Qe2 d4 42. Qxb5+ Kd6 43. Qb6+ Kd5 44. Rb5+ Ke4 45. Qxd4+
Qxd4+ 46. cxd4 Kxd4 47. Rxh5 1-0

[Event "XXXIII Festival Conca della Presolana A"]
[Site "Bratto - Castione della Presolana ITA"]
[Date "2013.08.19"]
[Round "2"]
[White "Dieli, Alberto"]
[Black "Gemelli, Giovanni"]
[WhiteElo "1974"]
[BlackElo "1842"]
[Result "0-1"]
[PlyCount "54"]
[EventDate "2013.08.18"]

1. e4 c5 2. Nf3 Nc6 3. d4 cxd4 4. Nxd4 Nf6 5. Nc3 d6 6. Be2 e5 7. Nf3 Be7 8.
O-O O-O 9. b3 Bg4 10. Qd3 Rc8 11. Bb2 Be6 12. Rfd1 a6 13. a3 Qc7 14. h3 Rfd8
15. Qe3 Nb8 16. Rac1 Nbd7 17. Ng5 Nb6 18. Qg3 h6 19. Nxe6 fxe6 20. Bg4 Nxg4 21.
Qxg4 Qd7 22. Rd3 Bf6 23. Rcd1 Qe7 24. a4 Rc6 25. Ba3 Nc8 26. g3 Qf7 27. Rf3 h5
0-1

[Event "XXXIII Festival Conca della Presolana A"]
[Site "Bratto - Castione della Presolana ITA"]
[Date "2013.08.19"]
[Round "2"]
[White "Fiscato, Claudio"]
[Black "Drago, Paolo"]
[WhiteElo "1775"]
[BlackElo "1858"]
[Result "1/2-1/2"]
[PlyCount "120"]
[EventDate "2013.08.18"]

1. c4 e6 2. g3 Nf6 3. Bg2 d5 4. Nf3 c6 5. Qc2 Bd6 6. d4 Nbd7 7. cxd5 exd5 8.
O-O O-O 9. Nc3 Re8 10. Re1 Nf8 11. a3 Ne4 12. Nd2 f5 13. f3 Nxc3 14. Qxc3 f4
15. Nf1 Qc7 16. Kf2 Ne6 17. e4 fxe3+ 18. Bxe3 Qf7 19. Kg1 Qf6 20. b4 Bd7 21.
Re2 c5 22. bxc5 Bxc5 23. Rd2 Bb6 24. Rad1 Bc6 25. Qb3 Rac8 26. Bf2 Ng5 27. h4
Ne6 28. Qb4 Kh8 29. f4 Qd8 30. Nh2 Ba5 31. Qb2 Bxd2 32. Qxd2 Qd6 33. Qd3 Rf8
34. Be3 a6 35. Nf3 Bb5 36. Qb3 Nd8 37. Ne5 Bc6 38. Rc1 Rc7 39. Re1 Nf7 40. Qb6
Rcc8 41. Qb2 Qe6 42. Kh2 Nxe5 43. fxe5 Qg6 44. Bh3 Rf3 45. Qg2 Rcf8 46. e6 Qe8
47. Bg4 R3f6 48. Re2 Rxe6 49. Bxe6 Qxe6 50. Bf4 Qg4 51. Bd6 Rd8 52. Bc5 h6 53.
Rf2 Re8 54. Qf1 Bb5 55. Rf8+ Kh7 56. Qb1+ Qg6 57. Qxg6+ Kxg6 58. Rxe8 Bxe8 59.
g4 Kf6 60. Kg3 g6 1/2-1/2

[Event "XXXIII Festival Conca della Presolana A"]
[Site "Bratto - Castione della Presolana ITA"]
[Date "2013.08.19"]
[Round "2"]
[White "Gagliardi, Claudio"]
[Black "Raselli, Claudio"]
[WhiteElo "1766"]
[BlackElo "1910"]
[Result "1/2-1/2"]
[PlyCount "39"]
[EventDate "2013.08.18"]

1. e4 d5 2. exd5 Qxd5 3. Nc3 Qd6 4. d4 Nf6 5. Be2 a6 6. Be3 Nc6 7. Nf3 b5 8.
O-O Bb7 9. Qd2 e6 10. h3 Be7 11. Rad1 O-O 12. Bf4 Qd7 13. Rfe1 Rfd8 14. a3 Rac8
15. b4 h6 16. Qe3 Nd5 17. Nxd5 Qxd5 18. Bd3 Bd6 19. Bxd6 Qxd6 20. c3 1/2-1/2

[Event "XXXIII Festival Conca della Presolana A"]
[Site "Bratto - Castione della Presolana ITA"]
[Date "2013.08.19"]
[Round "2"]
[White "Gardi, Giuseppe"]
[Black "Tardelli, Andrea"]
[WhiteElo "1999"]
[BlackElo "1793"]
[Result "1-0"]
[PlyCount "74"]
[EventDate "2013.08.18"]

1. d4 d5 2. c4 e5 3. dxe5 d4 4. Nf3 Nc6 5. h3 Nge7 6. e3 dxe3 7. Qxd8+ Kxd8 8.
Bxe3 Ng6 9. Nc3 Ngxe5 10. O-O-O+ Bd7 11. Ng5 f6 12. Ne6+ Kc8 13. Nxf8 Rxf8 14.
f4 Ng6 15. g3 Re8 16. Bf2 a5 17. Bg2 a4 18. Rhe1 a3 19. b3 h5 20. Rxe8+ Bxe8
21. Bf3 Ra5 22. Nd5 Nge7 23. Nxe7+ Nxe7 24. Re1 Kd7 25. Bxb7 c6 26. Bb6 Rf5 27.
Rd1+ Ke6 28. Bc7 g5 29. g4 hxg4 30. hxg4 Rxf4 31. Re1+ Kd7 32. Bxf4 gxf4 33.
Kd2 Bf7 34. Ba8 Ng6 35. Rh1 Ne5 36. Rh7 Kc7 37. Ke2 Kb6 1-0

[Event "XXXIII Festival Conca della Presolana A"]
[Site "Bratto - Castione della Presolana ITA"]
[Date "2013.08.19"]
[Round "2"]
[White "Grazzi, Roberto"]
[Black "Scagliotti, Guglielmo"]
[WhiteElo "2021"]
[BlackElo "1840"]
[Result "1-0"]
[PlyCount "93"]
[EventDate "2013.08.18"]

1. e4 c5 2. c3 d5 3. exd5 Qxd5 4. d4 Nc6 5. Nf3 cxd4 6. cxd4 e5 7. Nc3 Bb4 8.
Bd2 Bxc3 9. Bxc3 e4 10. Ne5 Nxe5 11. dxe5 Ne7 12. Qd4 Be6 13. Be2 O-O 14. O-O
Rfd8 15. Rfd1 Qxd4 16. Rxd4 Rxd4 17. Bxd4 Nc6 18. Bc3 Rd8 19. Kf1 a6 20. a3 Bb3
21. f3 exf3 22. Bxf3 Bd5 23. Rd1 Bxf3 24. Rxd8+ Nxd8 25. gxf3 Ne6 26. Kf2 Kf8
27. Ke3 Ke7 28. f4 g6 29. Bb4+ Kd7 30. Ke4 Ng7 31. Kd5 Ne6 32. Bd2 h5 33. b3
Kc7 34. Be3 Kd7 35. a4 Nc7+ 36. Kc5 b6+ 37. Kxb6 Nd5+ 38. Kxa6 Nxe3 39. Kb7 Nd5
40. a5 Nxf4 41. a6 Ne6 42. a7 Nc7 43. b4 g5 44. b5 g4 45. b6 Na8 46. Kxa8 h4
47. Kb8 1-0

[Event "XXXIII Festival Conca della Presolana A"]
[Site "Bratto - Castione della Presolana ITA"]
[Date "2013.08.19"]
[Round "2"]
[White "Guerini, Sara"]
[Black "Bonassi, Tommaso"]
[WhiteElo "1723"]
[BlackElo "1949"]
[Result "0-1"]
[PlyCount "70"]
[EventDate "2013.08.18"]

1. e4 c5 2. Nc3 a6 3. g3 b5 4. Bg2 Bb7 5. d3 e6 6. Nf3 d6 7. O-O Nf6 8. Re1 Qc7
9. a3 Nbd7 10. Nh4 Be7 11. f4 O-O 12. Bf3 Rac8 13. Ng2 Ne8 14. g4 b4 15. Ne2 f5
16. Ng3 fxe4 17. Bxe4 d5 18. Bf3 Qd6 19. Qe2 Nc7 20. f5 e5 21. a4 h6 22. h4
Rce8 23. Kh2 Bd8 24. Kh3 c4 25. Bd2 a5 26. Qf1 cxd3 27. Qxd3 Na6 28. g5 Nac5
29. Qf1 Nb6 30. b3 Bc8 31. Be2 g6 32. gxh6 gxf5 33. Kh2 f4 34. Nh5 Ne4 35. Bc1
Qe6 0-1

[Event "XXXIII Festival Conca della Presolana A"]
[Site "Bratto - Castione della Presolana ITA"]
[Date "2013.08.19"]
[Round "2"]
[White "Iasman, Inna"]
[Black "Foglieni, Matteo"]
[WhiteElo "1970"]
[BlackElo "1809"]
[Result "0-1"]
[PlyCount "123"]
[EventDate "2013.08.18"]

1. d4 f5 2. c4 Nf6 3. g3 e6 4. Bg2 Be7 5. Nf3 O-O 6. O-O d5 7. b3 b6 8. Ba3 Bb7
9. Ng5 Bxa3 10. Nxa3 Qe7 11. Nb5 Na6 12. Nc3 Ne4 13. Ngxe4 dxe4 14. e3 Rad8 15.
Qe2 c5 16. Rfd1 Nb4 17. dxc5 Qxc5 18. Na4 Qc7 19. Nb2 Rxd1+ 20. Rxd1 Rd8 21. a3
Rxd1+ 22. Qxd1 Nc6 23. Qd2 Ne5 24. Qd4 Qc5 25. Qd8+ Kf7 26. b4 Qe7 27. Qd4 Nc6
28. Qd2 a5 29. b5 Ne5 30. Qd4 Nd7 31. Na4 e5 32. Qd1 Ke6 33. Qb3 Nc5 34. Nxc5+
Qxc5 35. Bf1 Ke7 36. h4 Bc8 37. Qc3 Be6 38. Be2 Kf6 39. Kf1 g6 40. Ke1 h6 41.
a4 g5 42. hxg5+ hxg5 43. Qd2 Ke7 44. Qc3 Qd6 45. Bf1 f4 46. gxf4 gxf4 47. exf4
exf4 48. Qg7+ Bf7 49. Qg5+ Ke8 50. Bh3 Qb4+ 51. Kf1 Qxc4+ 52. Kg1 Qc1+ 53. Kh2
Qc7 54. Bg4 e3 55. fxe3 fxe3+ 56. Kh3 Qc3 57. Be2 Qd4 58. Kg3 Kd7 59. Bg4+ Be6
60. Be2 Kd6 61. Qd8+ Bd7 62. Bg4 0-1

[Event "XXXIII Festival Conca della Presolana A"]
[Site "Bratto - Castione della Presolana ITA"]
[Date "2013.08.19"]
[Round "2"]
[White "Kravchenko, Oleg"]
[Black "Michel, Steve"]
[WhiteElo "1805"]
[BlackElo "1979"]
[Result "0-1"]
[PlyCount "76"]
[EventDate "2013.08.18"]

1. d4 Nf6 2. c4 g6 3. Nc3 Bg7 4. e4 d6 5. Nf3 O-O 6. Be2 Na6 7. O-O e5 8. d5
Nc5 9. Qc2 a5 10. Ne1 Qe7 11. f3 Ne8 12. Be3 f5 13. Nd3 Nxd3 14. Bxd3 f4 15.
Bf2 g5 16. Kh1 g4 17. Rfc1 h5 18. a3 h4 19. Bf1 g3 20. Bg1 gxh2 21. Bf2 Bf6 22.
b4 Qh7 23. c5 h3 24. cxd6 hxg2+ 25. Bxg2 Rf7 26. dxc7 Rg7 27. Qe2 Bh4 28. Bb6
Nf6 29. Qf1 Kh8 30. Bh3 Bf2 31. Qxf2 Bxh3 32. Ra2 Qh5 33. Nb5 Rag8 34. Nd6 Bg2+
35. Qxg2 Rxg2 36. Rxg2 Qxf3 37. Rcc2 Ng4 38. Rc1 Nf2+ 0-1

[Event "XXXIII Festival Conca della Presolana A"]
[Site "Bratto - Castione della Presolana ITA"]
[Date "2013.08.19"]
[Round "2"]
[White "Lazzarini, Sabrina"]
[Black "Morandi, Daniele"]
[WhiteElo "1824"]
[BlackElo "1893"]
[Result "0-1"]
[PlyCount "48"]
[EventDate "2013.08.18"]

1. e4 e5 2. f4 exf4 3. Nf3 g5 4. h4 g4 5. Ne5 Nf6 6. Bc4 d5 7. exd5 Bd6 8. d4
Bxe5 9. dxe5 Nh5 10. Qd4 O-O 11. Bxf4 Nc6 12. Qf2 Nxf4 13. dxc6 Ng6 14. cxb7
Bxb7 15. e6 fxe6 16. Bxe6+ Kh8 17. Qg3 Qe7 18. Qc3+ Rf6 19. Nd2 Qxe6+ 20. Kd1
Bxg2 21. Rh2 Re8 22. Nc4 Bf3+ 23. Kd2 Rd8+ 24. Kc1 Rd1# 0-1

[Event "XXXIII Festival Conca della Presolana A"]
[Site "Bratto - Castione della Presolana ITA"]
[Date "2013.08.19"]
[Round "2"]
[White "Macario, Marco"]
[Black "Listello, Massimiliano"]
[WhiteElo "1848"]
[BlackElo "1767"]
[Result "1-0"]
[PlyCount "61"]
[EventDate "2013.08.18"]

1. e4 e6 2. d4 d5 3. Nd2 dxe4 4. Nxe4 Nf6 5. Nxf6+ gxf6 6. Nf3 Bg7 7. Bf4 Nd7
8. Bc4 O-O 9. Qd2 c5 10. Bd6 Qb6 11. Bxf8 Qxb2 12. O-O Bxf8 13. Rab1 Qa3 14.
Qf4 Qc3 15. dxc5 Nxc5 16. Rfd1 Bd7 17. Bd3 Nxd3 18. Rxd3 Qxc2 19. Rbd1 Bb5 20.
Nd4 Qxd3 21. Rxd3 Bxd3 22. Qg3+ Bg6 23. Qc7 a6 24. g4 Be4 25. h4 Re8 26. Qf4
Bg6 27. h5 e5 28. Qe3 Bc5 29. hxg6 fxg6 30. Qb3+ Kf8 31. Ne6+ 1-0

[Event "XXXIII Festival Conca della Presolana A"]
[Site "Bratto - Castione della Presolana ITA"]
[Date "2013.08.19"]
[Round "2"]
[White "Mortola, Alberto"]
[Black "Onida, Davide"]
[WhiteElo "1936"]
[BlackElo "1783"]
[Result "1-0"]
[PlyCount "105"]
[EventDate "2013.08.18"]

1. b4 e5 2. Bb2 Bxb4 3. Bxe5 Nf6 4. Nf3 Nc6 5. Bc3 b6 6. g3 Bb7 7. Bg2 Qe7 8.
O-O Bxc3 9. Nxc3 d5 10. d4 O-O 11. Qd3 Rad8 12. e3 Ne4 13. a3 Nb8 14. Ne2 Ba6
15. Qd1 c5 16. Re1 Nc6 17. Nf4 c4 18. Nd2 f5 19. Nxe4 fxe4 20. c3 Rf6 21. Qc2
Bc8 22. Qe2 Rh6 23. Nxd5 Rxd5 24. Qxc4 Qe6 25. f3 Rdh5 26. Qxe6+ Bxe6 27. fxe4
Bc4 28. h4 Rb5 29. Rab1 Rg6 30. Rxb5 Bxb5 31. Kh2 Na5 32. e5 Kf8 33. Bd5 Ke7
34. e4 Bc4 35. a4 Bxd5 36. exd5 Nc4 37. Re2 h5 38. d6+ Kd8 39. Rf2 Ke8 40. Rf5
Ne3 41. Rf3 Nc4 42. Kg2 a6 43. Kf2 Nd2 44. Rf4 b5 45. axb5 axb5 46. Ke2 Nc4 47.
Kf2 Rg4 48. Rxg4 hxg4 49. Ke2 Nb6 50. Kd3 Kd7 51. Ke4 Kc6 52. h5 Nd5 53. d7 1-0

[Event "XXXIII Festival Conca della Presolana A"]
[Site "Bratto - Castione della Presolana ITA"]
[Date "2013.08.19"]
[Round "2"]
[White "Oteri, Aldo"]
[Black "Boccalatte, Piero"]
[WhiteElo "1772"]
[BlackElo "1972"]
[Result "1-0"]
[PlyCount "103"]
[EventDate "2013.08.18"]

1. e4 c6 2. d4 d5 3. exd5 cxd5 4. c4 Nf6 5. Nc3 e6 6. Nf3 Bb4 7. cxd5 Nxd5 8.
Qc2 Nc6 9. Bc4 O-O 10. O-O h6 11. a3 Be7 12. Nxd5 exd5 13. Bb5 Bg4 14. Bxc6
Bxf3 15. Bxb7 Qd7 16. gxf3 Qxb7 17. Kh1 Qd7 18. Rg1 Qh3 19. Rg3 Qf1+ 20. Rg1
Qh3 21. Qd1 Bd6 22. f4 f5 23. Rg3 Qh4 24. Qf3 Kh8 25. Qxd5 Bxf4 26. Bxf4 Qxf4
27. Rag1 g5 28. Rh3 g4 29. Re3 Rae8 30. Rge1 Rxe3 31. fxe3 Qf2 32. Qe5+ Kg8 33.
Qe6+ Kg7 34. Rc1 Qf3+ 35. Kg1 Qb7 36. Qe5+ Kg6 37. Rc7 Qe4 38. Qxe4 fxe4 39.
Rxa7 Rf3 40. d5 Rxe3 41. d6 Rd3 42. d7 Kf6 43. b4 Ke7 44. b5 e3 45. Kf1 Rd1+
46. Ke2 Rd2+ 47. Kxe3 Rxh2 48. b6 Rb2 49. b7 g3 50. Ra8 Kxd7 51. b8=Q g2 52.
Qd8+ 1-0

[Event "XXXIII Festival Conca della Presolana A"]
[Site "Bratto - Castione della Presolana ITA"]
[Date "2013.08.19"]
[Round "2"]
[White "Papale, Carmelo"]
[Black "Loccisano, Giuseppe"]
[WhiteElo "1858"]
[BlackElo "1772"]
[Result "1/2-1/2"]
[PlyCount "60"]
[EventDate "2013.08.18"]

1. e4 e6 2. d4 d5 3. Nc3 Nf6 4. e5 Nfd7 5. Nf3 c5 6. Be2 Nc6 7. Bf4 cxd4 8.
Nxd4 a6 9. O-O Ncxe5 10. Re1 Be7 11. Bh5 Ng6 12. Nxe6 fxe6 13. Rxe6 Nf6 14.
Bxg6+ hxg6 15. Re5 Rh5 16. Bg5 Bf5 17. Rxf5 gxf5 18. Bxf6 g6 19. Qe2 Kf7 20.
Be5 Bb4 21. Re1 Qd7 22. Qd3 Re8 23. f4 Qc6 24. Rf1 Bc5+ 25. Kh1 Bd6 26. Bd4 Qc4
27. Qd1 b5 28. a3 Qc6 29. Ne2 Rh4 30. Qd3 Qd7 1/2-1/2

[Event "XXXIII Festival Conca della Presolana A"]
[Site "Bratto - Castione della Presolana ITA"]
[Date "2013.08.19"]
[Round "2"]
[White "Razzano, Lorenzo"]
[Black "Domenighini, Alessandro"]
[WhiteElo "1988"]
[BlackElo "1763"]
[Result "1-0"]
[PlyCount "43"]
[EventDate "2013.08.18"]

1. e4 g6 2. d4 Bg7 3. Nc3 d6 4. f4 Nf6 5. e5 dxe5 6. dxe5 Qxd1+ 7. Kxd1 Ng4 8.
Ke1 c6 9. h3 Nh6 10. g4 O-O 11. Bc4 b5 12. Bb3 a5 13. a4 Bb7 14. Rh2 b4 15. Ne4
Rd8 16. Be3 Nd7 17. Rd1 Nxe5 18. Rxd8+ Rxd8 19. fxe5 Bxe5 20. Rd2 Rxd2 21. Kxd2
Bc7 22. Bxh6 1-0

[Event "XXXIII Festival Conca della Presolana A"]
[Site "Bratto - Castione della Presolana ITA"]
[Date "2013.08.19"]
[Round "2"]
[White "Rizzi, Volfango"]
[Black "Hunt, Caro"]
[WhiteElo "1916"]
[BlackElo "1833"]
[Result "1-0"]
[PlyCount "109"]
[EventDate "2013.08.18"]

1. e4 d5 2. exd5 Qxd5 3. Nc3 Qa5 4. Nf3 Nc6 5. d4 Bf5 6. Bb5 a6 7. Bxc6+ bxc6
8. O-O e6 9. Ne2 Bd6 10. c4 c5 11. b3 Nf6 12. Bb2 Be7 13. Ng3 Bg6 14. Ne5 Qb6
15. Qf3 O-O 16. Rad1 Rad8 17. Nc6 Rd7 18. Nxe7+ Rxe7 19. dxc5 Qxc5 20. Bxf6
gxf6 21. Qxf6 Rfe8 22. Rd2 e5 23. Rfd1 c6 24. Rd8 Qb4 25. Qxc6 Rxd8 26. Rxd8+
Kg7 27. Rd1 e4 28. Qd6 Qb7 29. Qd4+ Kg8 30. Nf1 Bf5 31. Ne3 Rd7 32. Qa1 Rxd1+
33. Qxd1 Bg6 34. Qd8+ Kg7 35. Nd5 Qc6 36. Qb6 Qe8 37. Qxa6 Qe5 38. h3 Qa1+ 39.
Kh2 Qe5+ 40. g3 e3 41. fxe3 Qb2+ 42. Kg1 Be4 43. Qf6+ Qxf6 44. Nxf6 Kxf6 45. b4
Bd3 46. c5 Bb5 47. Kf2 Ke5 48. g4 Ke4 49. h4 f6 50. Kg3 Kxe3 51. g5 fxg5 52.
hxg5 Kd4 53. Kf4 Kc4 54. Ke5 Bc6 55. Kd6 1-0

[Event "XXXIII Festival Conca della Presolana A"]
[Site "Bratto - Castione della Presolana ITA"]
[Date "2013.08.19"]
[Round "2"]
[White "Saracco, Marco"]
[Black "Benazzo, Angelo"]
[WhiteElo "1872"]
[BlackElo "1788"]
[Result "0-1"]
[PlyCount "80"]
[EventDate "2013.08.18"]

1. d4 d6 2. Nf3 g6 3. c4 Bg7 4. Nc3 Nd7 5. e4 c6 6. Be2 h6 7. O-O e5 8. Be3 Qe7
9. d5 Ngf6 10. Nd2 O-O 11. b4 cxd5 12. Nxd5 Nxd5 13. cxd5 f5 14. f3 Nf6 15. Rc1
f4 16. Bf2 Bd7 17. Nb3 b6 18. Ba6 Rf7 19. Bb7 Rb8 20. Bc6 Rc8 21. Qd3 Rc7 22.
Bxd7 Rxd7 23. Rc8+ Kh7 24. Rfc1 g5 25. g4 fxg3 26. hxg3 Nh5 27. Kg2 Qf6 28.
R1c2 Qg6 29. R8c3 Nf6 30. Nd2 h5 31. Rc1 Bh6 32. Rh1 g4 33. Be3 gxf3+ 34. Nxf3
Nxe4 35. Rh3 Nxc3 36. Qxc3 Rxf3 37. Kxf3 Qg4+ 38. Kg2 Qe4+ 39. Kf2 Rf7+ 40. Ke2
Qg2+ 0-1

[Event "XXXIII Festival Conca della Presolana A"]
[Site "Bratto - Castione della Presolana ITA"]
[Date "2013.08.19"]
[Round "2"]
[White "Villa, Claudio"]
[Black "Perico, Gianvittorio"]
[WhiteElo "1766"]
[BlackElo "1875"]
[Result "1/2-1/2"]
[PlyCount "56"]
[EventDate "2013.08.18"]

1. d4 d5 2. c4 e6 3. Nf3 Nf6 4. g3 Be7 5. Bg2 O-O 6. O-O dxc4 7. Qc2 a6 8. Qxc4
b5 9. Qc2 Bb7 10. Nc3 Nbd7 11. a3 c5 12. dxc5 Nxc5 13. Be3 Rc8 14. Rad1 Qe8 15.
Qb1 Nce4 16. Nxe4 Bxe4 17. Qa1 Nd5 18. Bd4 Bf6 19. Bxf6 Nxf6 20. Ne5 Bxg2 21.
Kxg2 Rc2 22. e3 Qa8+ 23. Kg1 Nd5 24. Rd3 f6 25. Nf3 Nb4 26. axb4 Qxf3 27. Rc3
Rxc3 28. bxc3 Qc6 1/2-1/2

[Event "XXXIII Festival Conca della Presolana A"]
[Site "Bratto - Castione della Presolana ITA"]
[Date "2013.08.19"]
[Round "2"]
[White "Zuliani, Francesco"]
[Black "Savoldelli, Dario"]
[WhiteElo "1803"]
[BlackElo "1852"]
[Result "1-0"]
[PlyCount "105"]
[EventDate "2013.08.18"]

1. e4 e5 2. Nf3 Nc6 3. Bb5 a6 4. Ba4 Nf6 5. d4 b5 6. dxe5 Nxe4 7. Bb3 Nc5 8.
Bd5 Be7 9. Nd4 O-O 10. Nf5 Ne6 11. O-O Rb8 12. Re1 Nb4 13. Bb3 c5 14. c3 c4 15.
cxb4 cxb3 16. Qxb3 Bg5 17. Nd2 Bb7 18. Ne4 Bxc1 19. Raxc1 Bxe4 20. Rxe4 Qg5 21.
Ne3 Rbc8 22. Rd1 Rc6 23. Rg4 Qxe5 24. Nd5 Qe2 25. Rg3 Rc2 26. Qd3 Qxd3 27.
Rgxd3 Rxb2 28. R3d2 Rxd2 29. Rxd2 Rc8 30. Ne3 d5 31. Rxd5 Rd8 32. Rxd8+ Nxd8
33. Nd5 Nc6 34. f4 Kf8 35. a3 a5 36. bxa5 Nxa5 37. Nc7 Ke7 38. Nxb5 Kd7 39. Nd4
g6 40. Kf2 Kd6 41. Nf3 f6 42. Nd2 Kd5 43. Kg3 Kd4 44. h4 Ke3 45. Nf1+ Ke4 46.
Kg4 h5+ 47. Kg3 Nc4 48. a4 Kd4 49. f5 g5 50. hxg5 fxg5 51. f6 Nd6 52. Nd2 Ke5
53. Nc4+ 1-0

[Event "XXXIII Festival Conca della Presolana A"]
[Site "Bratto - Castione della Presolana ITA"]
[Date "2013.08.20"]
[Round "3"]
[White "Benazzo, Angelo"]
[Black "Gardi, Giuseppe"]
[WhiteElo "1788"]
[BlackElo "1999"]
[Result "1/2-1/2"]
[PlyCount "141"]
[EventDate "2013.08.18"]

1. Nf3 d6 2. g3 g6 3. Bg2 Bg7 4. O-O e5 5. d3 Nc6 6. c4 Nge7 7. Nc3 O-O 8. Bg5
h6 9. Bd2 Be6 10. e4 Qd7 11. Nd5 Kh7 12. Be3 f5 13. Nd2 Nd4 14. Bxd4 exd4 15.
f4 Rae8 16. Qc2 c5 17. Rab1 fxe4 18. Bxe4 Nf5 19. Bxf5 Rxf5 20. Rf2 Bxd5 21.
cxd5 Rxd5 22. Ne4 Rh5 23. Rbf1 b6 24. b3 d5 25. Nd2 Re3 26. Nf3 Qh3 27. Rg2 Qe6
28. Rgf2 Rf5 29. Nh4 Rf7 30. f5 gxf5 31. Nxf5 Re1 32. g4 Rxf1+ 33. Kxf1 Bf6 34.
h4 Bd8 35. Qd2 Qg6 36. Qf4 Bxh4 37. Re2 Bg5 38. Qf3 Be3 39. Qxd5 Qf6 40. Rh2
Re7 41. Kg2 Qe6 42. Qxe6 Rxe6 43. Kf3 Bg5 44. Re2 Rxe2 45. Kxe2 Kg6 46. Nd6 Bd8
47. a4 Bc7 48. Nb5 Bb8 49. Kf3 Kf6 50. Ke4 Kg5 51. Kf3 Kf6 52. Ke4 Ke6 53. Na3
Kd6 54. Nc4+ Kc6 55. Kf5 a6 56. Kg6 Bf4 57. Kf5 Bc7 58. Ne5+ Bxe5 59. Kxe5 b5
60. a5 c4 61. bxc4 bxc4 62. Kxd4 cxd3 63. Kxd3 Kb5 64. Ke4 Kxa5 65. Kf5 Kb5 66.
Kg6 a5 67. Kxh6 a4 68. g5 a3 69. g6 a2 70. g7 a1=Q 71. g8=Q 1/2-1/2

[Event "XXXIII Festival Conca della Presolana A"]
[Site "Bratto - Castione della Presolana ITA"]
[Date "2013.08.20"]
[Round "3"]
[White "Boccalatte, Piero"]
[Black "Cristiani, Gianfranco"]
[WhiteElo "1972"]
[BlackElo "1790"]
[Result "1-0"]
[PlyCount "99"]
[EventDate "2013.08.18"]

1. d4 e6 2. c4 Nf6 3. Nc3 b6 4. f3 Bb4 5. Qc2 O-O 6. e4 Bb7 7. Bd3 Nh5 8. Be3
Bxc3+ 9. Qxc3 f5 10. O-O-O fxe4 11. fxe4 d6 12. Nh3 Nd7 13. Ng5 Qe7 14. Rde1
Nf4 15. Bxf4 Rxf4 16. Nh3 Rf7 17. Qd2 e5 18. d5 a5 19. Ng5 Rf4 20. Ne6 Rf6 21.
Nxc7 Rc8 22. Nb5 Nc5 23. Kb1 Ba6 24. Na3 Rcf8 25. Nc2 Qc7 26. Ne3 Rf4 27. Qc2
g6 28. b3 Bc8 29. Ref1 Nxd3 30. Qxd3 Qc5 31. Nc2 Bd7 32. g3 Rf2 33. Rxf2 Rxf2
34. Rf1 Rxf1+ 35. Qxf1 b5 36. Qf6 Qc7 37. Qe7 bxc4 38. Ne3 cxb3 39. axb3 Qc5
40. Qd8+ Kg7 41. Qxd7+ Kh6 42. Ng4+ Kh5 43. Nf6+ Kg5 44. Nxh7+ Kh6 45. Qc6 Qb4
46. Qc4 Qe1+ 47. Qc1+ Qxc1+ 48. Kxc1 Kxh7 49. Kd2 Kh6 50. h3 1-0

[Event "XXXIII Festival Conca della Presolana A"]
[Site "Bratto - Castione della Presolana ITA"]
[Date "2013.08.20"]
[Round "3"]
[White "Bonassi, Tommaso"]
[Black "Bosticardo, Tommaso"]
[WhiteElo "1949"]
[BlackElo "1900"]
[Result "1/2-1/2"]
[PlyCount "73"]
[EventDate "2013.08.18"]

1. e4 e5 2. Nf3 Nc6 3. Bc4 Bc5 4. c3 Nf6 5. d3 a6 6. Bb3 d6 7. Nbd2 O-O 8. Nf1
d5 9. Qe2 h6 10. Ng3 Re8 11. O-O Bf8 12. h3 Na5 13. Bc2 c5 14. Nh4 g6 15. Nf3
Bg7 16. a3 c4 17. dxc4 dxc4 18. Rb1 Qc7 19. Rd1 b5 20. Nf1 Bb7 21. N1d2 Red8
22. b4 cxb3 23. Bxb3 Nxb3 24. Rxb3 Nxe4 25. c4 Nxd2 26. Nxd2 bxc4 27. Nxc4
Rxd1+ 28. Qxd1 Rd8 29. Rd3 Rxd3 30. Qxd3 Qc6 31. Qf1 Qd5 32. Ne3 Qc5 33. Qd1 e4
34. Ng4 Kh7 35. Qd2 Qd5 36. Qxd5 Bxd5 37. Bxh6 1/2-1/2

[Event "XXXIII Festival Conca della Presolana A"]
[Site "Bratto - Castione della Presolana ITA"]
[Date "2013.08.20"]
[Round "3"]
[White "Domenighini, Alessandro"]
[Black "Macario, Marco"]
[WhiteElo "1763"]
[BlackElo "1848"]
[Result "1/2-1/2"]
[PlyCount "36"]
[EventDate "2013.08.18"]

1. d4 Nf6 2. c4 g6 3. Nc3 d5 4. Nf3 Bg7 5. e3 O-O 6. Bd3 c6 7. O-O Bg4 8. h3
Bxf3 9. Qxf3 Re8 10. cxd5 Nxd5 11. Nxd5 cxd5 12. Bd2 Nc6 13. Bb5 Qd6 14. Rac1
Rac8 15. Rc5 e6 16. Rfc1 Bf8 17. Bxc6 Rxc6 18. Rxc6 bxc6 1/2-1/2